000 00286nam a22001097a 4500
005 20251013093736.0
008 251013b |||||||| |||| 00| 0 eng d
040 _cPK-LaNCA
082 _a720
_bLAY
245 _aLayered Urbanisms: Louis I Kahn visiting assistant professor
942 _cBK
999 _c66964
_d66964